000 00875nam a2200265 4500
003 OSt
005 20260601193908.0
008 260520b1973 mx a|||| |||| 00| 0 spa d
040 _aICI
_bspa
_cICI
041 _aspa
050 _aLB3225
_bC66 1973
100 _eautor
245 _aConescal :
_brevista especializada en construcciones escolares
264 _aMéxico :
_bCONESCAL,
_c1973
300 _a72 páginas :
_bilustraciones
336 _2rdacontent
_atexto
337 _2rdamedia
_asin medio
338 _2rdacarrier
_avolumen
500 _aRevista especializada en arquitectura, planeación y construcción de espacios educativos
650 _aEdificios escolares
_xDiseño y construcción
_934698
650 _aArquitectura escolar
_zMéxico
_934699
650 _aPlaneación educativa
_934700
650 _aInstalaciones escolares
_934701
942 _2lcc
_n1
_cB
999 _c22462
_d22462